[Event "BCF-chT1a 1213 (4NCL)"]
[Site "England"]
[Date "2012.11.03"]
[Round "1.126"]
[White "Byron, Alan M"]
[Black "Sharpe, Ian"]
[Result "1-0"]
[WhiteElo "2167"]
[BlackElo "2244"]
[PlyCount "81"]
[EventDate "2012.11.03"]
[EventType "team-tourn"]
[EventRounds "7"]
[EventCountry "ENG"]
[SourceTitle "EXT 2013"]
[Source "ChessBase"]
[SourceDate "2012.11.22"]
[SourceVersion "1"]
[SourceVersionDate "2012.11.22"]
[SourceQuality "1"]
[WhiteTeam "e2e4.org.uk"]
[BlackTeam "Guildford II"]
[WhiteTeamCountry "ENG"]
[BlackTeamCountry "ENG"]

1. e4 e6 2. d4 d5 3. e5 c5 4. c3 Qb6 5. a3 Bd7 6. Nf3 c4 7. Nbd2 Nc6 8. g3 Na5 9. Bg2 0-0-0 10. 0-0 f5 11. exf6 gxf6 12. Re1 Nh6 13. Qe2 Bg7 14. Rb1 Rhe8 15. Nf1 Nf7 16. Ne3 Kb8 17. Qc2 Rh8 18. Nh4 Nd6 19. Nf1 Rde8 20. Bf3 Nb3 21. Bh5 Re7 22. Bf4 Kc8 23. Ne3 Bf8 24. Re2 Kd8 25. Rbe1 Qc6 26. Ng4 Bg7 27. Bxd6 Qxd6 28. Nf5 Qc6 29. Nxe7 Kxe7 30. f4 Kd8 31. Ne3 Na5 32. f5 e5 33. Bf7 Bh6 34. Nxd5 Rf8 35. Nb4 Qb6 36. Be6 exd4 37. cxd4 Qxd4+ 38. Kg2 Bxe6 39. Rd1 Bd5+ 40. Nxd5 Qc5 41. b4 1-0

[Event "BCF-chTb 1112 (4NCL)"]
[Site "England"]
[Date "2012.02.12"]
[Round "6.85"]
[White "Stebbings, Anthony"]
[Black "Sharpe, Ian"]
[Result "1/2-1/2"]
[WhiteElo "2241"]
[BlackElo "2236"]
[PlyCount "74"]
[EventDate "2011.11.12"]
[EventType "team-tourn"]
[EventRounds "7"]
[EventCountry "ENG"]
[SourceTitle "EXT 2013"]
[Source "ChessBase"]
[SourceDate "2012.11.22"]
[SourceVersion "1"]
[SourceVersionDate "2012.11.22"]
[SourceQuality "1"]
[WhiteTeam "Jutes of Kent"]
[BlackTeam "Guildford II"]
[WhiteTeamCountry "ENG"]
[BlackTeamCountry "ENG"]

1. e4 e6 2. d4 d5 3. Nd2 Nf6 4. e5 Nfd7 5. f4 c5 6. c3 cxd4 7. cxd4 Nc6 8. Ndf3 Nb6 9. Bd3 h5 10. Ne2 a5 11. 0-0 g6 12. a3 a4 13. g3 Bd7 14. Bd2 Nc4 15. Qc2 Ne7 16. Rf2 Rc8 17. Bc3 Nf5 18. b3 Nxa3 19. Qb2 Bb5 20. Bxf5 gxf5 21. bxa4 Bxe2 22. Rxe2 Qc7 23. Bb4 Nc4 24. Qb3 Qb6 25. Rb1 Bxb4 26. Qxb4 Qxb4 27. Rxb4 Rc7 28. Kg2 Kd7 29. Kh3 Ke7 30. Kh4 Rg8 31. Re1 Rg4+ 32. Kh3 Rg8 33. Reb1 b6 34. Kh4 Rg4+ 35. Kh3 Rg8 36. Kh4 Rg4+ 37. Kh3 Rg8 1/2-1/2

[Event "BCF-chT2 1011 (4NCL)"]
[Site "England"]
[Date "2011.02.20"]
[Round "6.53"]
[White "Sharpe, Ian"]
[Black "Swanson, Stephen"]
[Result "1/2-1/2"]
[WhiteElo "2250"]
[BlackElo "2269"]
[PlyCount "40"]
[EventDate "2010.11.06"]
[EventType "team-swiss"]
[EventRounds "11"]
[EventCountry "ENG"]
[SourceTitle "EXT 2012"]
[Source "ChessBase"]
[SourceDate "2011.11.24"]
[SourceVersion "1"]
[SourceVersionDate "2011.11.24"]
[SourceQuality "1"]
[WhiteTeam "Guildford A&DC II"]
[BlackTeam "Poisoned Pawns"]
[WhiteTeamCountry "ENG"]
[BlackTeamCountry "ENG"]

1. c4 d6 2. d4 g6 3. Nc3 Bg7 4. e4 e5 5. Nge2 Nc6 6. Be3 f5 7. exf5 gxf5 8. dxe5 dxe5 9. Qxd8+ Nxd8 10. f4 Ne6 11. g3 Ne7 12. fxe5 Bxe5 13. 0-0-0 0-0 14. Bg2 c6 15. Rhf1 Ng6 16. Bh3 f4 17. gxf4 Nexf4 18. Bxc8 Nxe2+ 19. Nxe2 Raxc8 20. Ng3 Rxf1 1/2-1/2

[Event "BCF-chT2 0708 (4NCL)"]
[Site "Sunningdale"]
[Date "2008.05.05"]
[Round "11.3"]
[White "Sharpe, Ian"]
[Black "Farrand, Julian"]
[Result "1-0"]
[WhiteElo "2290"]
[BlackElo "2140"]
[PlyCount "59"]
[EventDate "2007.09.15"]
[EventType "team-tourn"]
[EventRounds "11"]
[EventCountry "ENG"]
[SourceTitle "EXT 2023"]
[Source "ChessBase"]
[SourceDate "2022.10.05"]
[SourceVersion "1"]
[SourceVersionDate "2022.10.05"]
[SourceQuality "1"]
[WhiteTeam "Guildford III"]
[BlackTeam "Barbican"]
[WhiteTeamCountry "ENG"]
[BlackTeamCountry "ENG"]

1. e4 d6 2. d4 Nf6 3. Nc3 Nbd7 4. Nf3 e5 5. Bc4 h6 6. h3 c6 7. a4 Be7 8. 0-0 Qc7 9. Qe2 g5 10. dxe5 dxe5 11. Nh2 Nf8 12. Ng4 Nxg4 13. hxg4 Be6 14. Rd1 Bc5 15. a5 Qe7 16. Na4 Bxc4 17. Qxc4 Ne6 18. c3 0-0 19. b4 b5 20. axb6 axb6 21. bxc5 b5 22. Qb4 Rfd8 23. Rd6 bxa4 24. Be3 Rdb8 25. Rxa4 Rxb4 26. Rxa8+ Kg7 27. cxb4 Qb7 28. Ra4 Qb5 29. Ra7 Qxb4 30. Rxe6 1-0

[Event "BCF-chT2 0708 (4NCL)"]
[Site "Sunningdale"]
[Date "2008.05.03"]
[Round "9.3"]
[White "Kett, Timothy"]
[Black "Sharpe, Ian"]
[Result "1-0"]
[WhiteElo "2239"]
[BlackElo "2290"]
[PlyCount "79"]
[EventDate "2007.09.15"]
[EventType "team-tourn"]
[EventRounds "11"]
[EventCountry "ENG"]
[SourceTitle "EXT 2023"]
[Source "ChessBase"]
[SourceDate "2022.10.05"]
[SourceVersion "1"]
[SourceVersionDate "2022.10.05"]
[SourceQuality "1"]
[WhiteTeam "SW Dragons"]
[BlackTeam "Guildford III"]
[WhiteTeamCountry "ENG"]
[BlackTeamCountry "ENG"]

1. e4 e6 2. d4 d5 3. Nc3 Bb4 4. e5 c5 5. a3 Bxc3+ 6. bxc3 Qa5 7. Bd2 Qa4 8. Rb1 c4 9. Nf3 Nc6 10. Qc1 b6 11. h4 f6 12. h5 fxe5 13. dxe5 Bd7 14. Rh3 h6 15. Rg3 Rh7 16. Nd4 0-0-0 17. Be2 Nxe5 18. Rb4 Qa6 19. Re3 Nc6 20. Nxc6 Bxc6 21. Rxe6 Bd7 22. Re5 Nf6 23. Bf3 Bc6 24. Bf4 Rhh8 25. Kf1 Rhe8 26. Kg1 Qb7 27. Qe3 Qd7 28. Qd4 Re6 29. Rxe6 Qxe6 30. a4 Qe7 31. a5 Nd7 32. Bg4 Kb7 33. Bxd7 Qxd7 34. axb6 a5 35. Rb1 a4 36. Re1 Re8 37. Rxe8 Qxe8 38. Qxg7+ Kxb6 39. Be3+ Kb5 40. Qc7 1-0